El pollo de carne : sistemas de explotacion y tecnicas de producción /
Guardado en:
| Autor Principal: | |
|---|---|
| Formato: | Libro |
| Publicado: |
Madrid :
Mundi-prensa,
1988
|
| Edición: | 2a. ed. |
| Materias: | |
| Etiquetas: |
Agregar Etiqueta
Sin Etiquetas, Sea el primero en etiquetar este registro!
|
| LEADER | 01243nam a22002535a 4500 | ||
|---|---|---|---|
| 001 | CEM.cems016827 | ||
| 005 | 20111013103119.0 | ||
| 008 | 130507s1988##################000#0#####d | ||
| 003 | CEMS | ||
| 020 | |a 8471141582 | ||
| 082 | 0 | 4 | |a 636.5 |
| 100 | 1 | |a Buxadé Carbó, Carlos | |
| 245 | 1 | 0 | |a El pollo de carne : |b sistemas de explotacion y tecnicas de producción / |c Carlos Buxadé Carbó |
| 250 | |a 2a. ed. | ||
| 260 | |a Madrid : |b Mundi-prensa, |c 1988 | ||
| 300 | |a 365 p. | ||
| 505 | 0 | |a La importancia de la avicultura y del pollo de carne -- Las bases generales de la producción del pollo de carne en España -- Los reproductores, la cría y la recría -- Los reproductores, la puesta -- El huevo fértil y su incubación -- El cebo del pollo de carne -- El pollo de carne, sacrificio y comercialización -- Nociones de racionamiento en la avicultura de carne -- Nociones de patalogía aviar -- Conclusiones finales sobre la producción del pollo de carne en España | |
| 653 | |a Avicultura | ||
| 653 | |a Pollo parrillero | ||
| 653 | |a Pollo de carne | ||
| 653 | |a Pollo de carne-producción | ||
| 653 | |a Pollo de carne-comercialización | ||
| 653 | |a España-pollo parrillero | ||
| 859 | |a CEMS |b BIB. CEMS - Agricultura |h 636.5 |i B986 |p A18728.95 |t Ej.1 | ||
